000 00367nam a2200145Ia 4500
008 151213s9999 xx 000 0 und d
100 _aChristopher Marlowe
245 _aDoctor Faustus
_cChristopher Marlowe
260 _aU S A
_bSignet Classic
_c2001
300 _a3142 p.
650 _aEnglish
650 _aEnglish
700 _aChristopher Marlowe
999 _c2167
_d2167